000 00573nam a2200181 a 4500
001 000028959
005 20200930055236.0
008 110412s1995 dr ac 000 p spa d
040 _aDO-SdBNP
_bspa
_cBNPHU
082 _axxx
_bA162m
100 1 _aAbréu Mejía, Rafael
_924336
245 1 0 _aMi casa y otros lugares :
_b1975 /
_cRafael Abréu Mejía.
260 _aSanto Domingo :
_bPunto Creativo,
_c1995.
300 _a22 p. :
_bil., retr. ;
_c22 cm.
490 1 _aCuadernos populares de poesía
_v7
830 0 _aCuadernos populares de poesía ;
_v7
_924337
049 _aBNPD
999 _c28451
_d28451